00598 2200205 4500001002100000005001500021007000300036008003900039022001300078035002000091082001600111084002200127100001600149245007700165260005800242300004100300650001400341650001100355650002600366INLIS00000000000123620250226083116ta250226 | | |  a20461402 a0010-0225000074 a632.3-633.1 a632.3-633.1 FAH e0 aFahrul Agus1 aESforRPD2: Expert System for Rice Plant Disease Diagnosis /cFahrul Agus aUnited Kingdom, London :bFaculty of 1000 Ltd.,c2024 a1-17 hlm, :bIlus ;c21 cm x 29,7 cm 4aESforRPD2 4aJurnal 4aPenyakit Tanaman Padi